01111nam a2200241 a 4500001001000000003000400010005001700014008004100031040002500072082002000097100003900117245010100156260007800257300002000335500011300355590002600468651009700494651009800591910003700689942001300726952011300739999001700852000029240OSt20201015105858.0110414s1960 dr 000 0 spa d aDO-SdBNPbspacBNPHU 4a327.7308bS211a1 aSánchez Rubirosa, Ernesto93532113aLa agresión económica de los E.E.U.U. contra América Latina /cErnesto Sánchez Rubirosa. aCiudad Trujillo, República Dominicana :b Partido Dominicano,c[19--?]. a17 p. ;c24 cm. a(Conferencia pronunciada el día 2 de agosto de 1960, en la Base Aérea "Presidente Trujillo", San Isidro) aInventariado, 2019/VM 4aEstados Unidos xRelaciones exterioreszAmérica LatinavEnsayos, conferencias, etc.976890 4aAmérica LatinaxRelaciones exterioreszEstados UnidosvCongresos, conferencias, etc.976891 aValidado. Control de calidad MFF 2ddccLF1 00102ddc718PDaPDbPDcHDd2011-04-14iLF1l0o327.7308 S211ap29240-10r2020-06-25w2020-06-25yLFPD c28732d28732